| 000 -LEADER | |
|---|---|
| fixed length control field | 00419nam a22001697a 4500 |
| 005 - DATE AND TIME OF LATEST TRANSACTION | |
| control field | 20260512131607.0 |
| 008 - FIXED-LENGTH DATA ELEMENTS--GENERAL INFORMATION | |
| fixed length control field | 160518b xxu||||| |||| 00| 0 eng d |
| 020 ## - INTERNATIONAL STANDARD BOOK NUMBER | |
| ISBN | 81-203-0535-7 |
| 041 ## - LANGUAGE CODE | |
| Language code of text/sound track or separate title | eng |
| 082 ## - DEWEY DECIMAL CLASSIFICATION NUMBER | |
| Classification number | 658.5 |
| 100 ## - MAIN ENTRY--AUTHOR NAME | |
| Personal name | Adam, EE & Ebert, RJ |
| 245 ## - TITLE STATEMENT | |
| Title | Production and Operations Management |
| 260 ## - PUBLICATION, DISTRIBUTION, ETC. (IMPRINT) | |
| Place of publication | New Delhi |
| Name of publisher | PHI learning Pvt. Ltd. |
| 300 ## - PHYSICAL DESCRIPTION | |
| Number of Pages | 729 |
| 650 ## - SUBJECT ADDED ENTRY--TOPICAL TERM | |
| Topical Term | Management |
| 942 ## - ADDED ENTRY ELEMENTS (KOHA) | |
| Koha item type | Books |
| Lost status | Damaged status | Collection code | Home library | Current library | Shelving location | Date acquired | Cost, normal purchase price | Full call number | Accession Number | Koha item type |
|---|---|---|---|---|---|---|---|---|---|---|
| MANAGEMENT | JRU Library | JRU Library | SHELF- 68 C | 18/05/2016 | 350.00 | 2957 | 2957 | Books | ||
| MANAGEMENT | JRU Library | JRU Library | SHELF- 68 C | 18/05/2016 | 350.00 | 2957 | 2958 | Books | ||
| MANAGEMENT | JRU Library | JRU Library | SHELF- 68 C | 18/05/2016 | 350.00 | 2957 | 2959 | Books | ||
| MANAGEMENT | JRU Library | JRU Library | SHELF- 68 C | 18/05/2016 | 350.00 | 2957 | 2960 | Books | ||
| MANAGEMENT | JRU Library | JRU Library | SHELF-39-A | 18/05/2016 | 350.00 | 2957 | 2961 | Books | ||
| MANAGEMENT | JRU Library | JRU Library | SHELF-76-L | 18/05/2016 | 350.00 | 658.5 | 2962 | Books | ||
| MANAGEMENT | JRU Library | JRU Library | SHELF- 68 C | 18/05/2016 | 350.00 | 2957 | 2963 | Books | ||
| MANAGEMENT | JRU Library | JRU Library | SHELF- 68 C | 18/05/2016 | 350.00 | 2957 | 2964 | Books | ||
| MANAGEMENT | JRU Library | JRU Library | SHELF- 68 C | 18/05/2016 | 350.00 | 2957 | 2965 | Books | ||
| JRU Library | Shelf - 24- F | 18/05/2016 | 350.00 | 2957 | 2966 | Books | ||||
| MANAGEMENT | JRU Library | JRU Library | SHELF- 68 C | 18/05/2016 | 350.00 | 2957 | 2967 | Books | ||
| MANAGEMENT | JRU Library | JRU Library | SHELF- 68 C | 18/05/2016 | 350.00 | 2957 | 2968 | Books | ||
| MANAGEMENT | JRU Library | JRU Library | SHELF- 68 C | 18/05/2016 | 350.00 | 2957 | 2969 | Books | ||
| MANAGEMENT | JRU Library | SHELF- 68 C | 18/05/2016 | 350.00 | 2957 | 2970 | Books |